| 000 | 00583nam a22001937a 4500 | ||
|---|---|---|---|
| 003 | OSt | ||
| 005 | 20160209124918.0 | ||
| 008 | 160209b xxu||||| |||| 00| 0 eng d | ||
| 020 | _a0333607058 | ||
| 040 | _cDDC. | ||
| 082 | _a650 HUS1997 | ||
| 100 |
_aHussey,Jill;Hussey ,Rodgers; _96741 |
||
| 245 |
_aBusiness Research. _bA Practical Guide For Undergraduate and Post Graduate Students. |
||
| 260 |
_aLondon. _bMacmillan Press Ltd. _c1997. |
||
| 300 |
_aix,357p; _bill; _c24cm |
||
| 504 | _aincludes references and index. | ||
| 650 |
_aBusiness Research. _93276 |
||
| 942 |
_2ddc _cSLOAN |
||
| 999 |
_c2998 _d2998 |
||